|
|
|
|
| LEADER |
00000naa2a2200000 4500 |
| 001 |
202284 |
| 005 |
20240111133859.0 |
| 035 |
|
|
|a (RuTPU)RU\TPU\book\220439
|
| 035 |
|
|
|a RU\TPU\book\61830
|
| 090 |
|
|
|a 202284
|
| 100 |
|
|
|a 20111010d2000 k y0rusy50 ca
|
| 101 |
0 |
|
|a rus
|
| 102 |
|
|
|a RU
|
| 200 |
1 |
|
|a Методика комплексной эколого-геохимической оценки территорий для решения геологических задач
|f Е. Г. Язиков, Л. П. Рихванов, А. Ю. Шатилов
|
| 320 |
|
|
|a Библиогр.: 18 назв.
|
| 461 |
|
1 |
|0 (RuTPU)RU\TPU\book\192715
|t Материалы региональной конференции геологов Сибири Дальнего Востока и Северо-Востока России
|n [Б. и.]
|d 2000
|
| 463 |
|
1 |
|0 (RuTPU)RU\TPU\book\23226
|t Т. 2 Металлогения и полезные ископаемые. Геоэкология. Палеонтология и стратеграфия. Геоинформатика. Геофизические методы
|v C. 246-248
|d 2000
|p 516 с.
|
| 610 |
1 |
|
|a труды учёных ТПУ
|
| 675 |
|
|
|a 55(571)(063)
|v 3
|
| 700 |
|
1 |
|a Язиков
|b Е. Г.
|c специалист в области геологии и минералогии
|c профессор Томского политехнического университета, доктор геолого-минералогических наук, заместитель проректора по образовательной и международной деятельности
|f 1955-
|g Егор Григорьевич
|3 (RuTPU)RU\TPU\pers\26057
|9 11896
|
| 701 |
|
1 |
|a Рихванов
|b Л. П.
|c российский ученый, геолог
|c профессор Томского политехнического университета, доктор геолого-минералогических наук
|c заслуженный геолог РФ
|c почетный работник высшего образования РФ
|f 1945-
|g Леонид Петрович
|3 (RuTPU)RU\TPU\pers\23187
|
| 701 |
|
1 |
|a Шатилов
|b А. Ю.
|
| 801 |
|
1 |
|a RU
|b 63413507
|c 20031202
|g PSBO
|
| 801 |
|
2 |
|a RU
|b 63413507
|c 20130124
|g PSBO
|
| 942 |
|
|
|c BK
|